| 000 | 00728nam a22002417a 4500 | ||
|---|---|---|---|
| 003 | UA-OsUOA | ||
| 001 | 134408 | ||
| 007 | ta | ||
| 008 | 20181203b un ||||| |||| 00| 0 ukr d | ||
| 100 | _aВнучко С. М. | ||
| 090 |
_a316.32:32(075.8) _bВ60 |
||
| 942 | _cBK | ||
| 040 |
_aUA-OsUOA _bukr _cUA-OsUOA _dUA-OsUOA |
||
| 245 |
_aПолітична глобалістика _bнавчальний посібник |
||
| 300 | _a383 с. | ||
| 955 | _a2 | ||
| 041 | _aukr | ||
| 080 | _a316.32:32(075.8) | ||
| 020 | _a978-966-439-922-4 | ||
| 260 |
_aК. _bВПЦ КУ _c2017 |
||
| 650 | 7 |
_a316.3 Соціальна структура. Суспільство як соціальна система _2UDC |
|
| 999 |
_c423278 _d423278 |
||